000 00319nam a2200109Ia 4500
008 181022s9999 xx 000 0 und d
020 _a9781308811536
245 _aIntroduction to earth science /
260 _aNew York :
_bMcGraw Hill
_c2016
300 _aiv, 451 pages.
650 _aEarth sciences -- study and teaching.
999 _c359279
_d359279